| 000 | 01149nam a22003497a 4500 | ||
|---|---|---|---|
| 003 | CHAP | ||
| 005 | 20220817044422.0 | ||
| 008 | 110204s1988 cl r 00010 spa d | ||
| 010 | _a100438 | ||
| 011 | _a101410 | ||
| 035 | _a112098 | ||
| 040 | _cCHAP | ||
| 082 | 0 | 4 |
_a025.49 _bIs38 |
| 110 | 1 | _aIsis Internacional | |
| 245 | 1 | 0 |
_aListado de descriptores en el tema de la mujer = List of descriptors on the theme of women _c/por Isis Internacional |
| 260 |
_aSantiago de Chile : _bIsis Internacional, _c1988 |
||
| 300 | _a121 p. | ||
| 500 | _aEdición bilingüe (Español - Inglés) | ||
| 590 |
_aBATCH-UPD _b10 _c20130110 _lUCH01 _h1101 |
||
| 590 |
_aBATCH-UPD _b10 _c20130410 _lUCH01 _h0654 |
||
| 590 |
_aBATCH-UPD _b10 _c20130914 _lUCH01 _h1303 |
||
| 590 |
_aCONVERSION _b10 _c20130109 _lUCH01 _h1355 |
||
| 650 | 1 | 4 |
_aEncabezamientos de materia. _936718 |
| 650 | 1 | 4 |
_aEnfoque de género. _936945 |
| 650 | 1 | 4 |
_aIndización. _957676 |
| 650 | 1 | 4 |
_aMujer _xAmérica Latina. _979314 |
| 650 | 1 | 4 |
_aTesauros. _9112457 |
| 901 | _aBK | ||
| 911 | _aen proceso | ||
| 942 | _cLIBRO | ||
| 949 |
_a025.49 Is38 _bBC _cB _d33724002230629 _eB _h114155 _i112098 _sb |
||
| 999 |
_c100438 _d100438 |
||